000 00608nam a2200193Ia 4500
005 20250923144612.0
008 008 250917s9999 xx 000 0 eng d
037 _aTextual
040 _aDSWL
_beng
_cDSWL
041 _aeng
_2eng
084 _aT3-4p5:N56, J7
_qDSWL
245 0 _aReport on the Regional European Seminar on the University and adult education
_cby Her Majesty's Stationary Office
260 _aLondon
_b Her Majesty's Stationary Office
_c1957
300 _axii,155p.
365 _aINR
_b5
925 _g5
942 _cTEXL
_hT3-4p5:N56, J7
999 _c1441035
_d1441035